Responses for show #8020 - Friday, June 21, 2019

2019 Teen Tournament quarterfinal game 5.

Contestants

Shriya Yarlagadda, a sophomore from Grand Blanc, Michigan

Hannah Nekritz, a senior from Stamford, Connecticut

Avi Gupta, a senior from Portland, Oregon

Jeopardy! Round responses

YOUNG LOVE
U.S. PRESIDENTS
COLORS OF THE RAINBOW
(Alex: We're talking about the 7 colors of ROYGBIV.)
POP MUSIC
AWARDS & HONORS
WHAT FOOD IS THAT?
    $200 26
(Katniss) Everdeen

Avi
    $200 19
George Washington

Shriya
    $200 25
blue

Avi
    $200 1
Harry Styles

Shriya
    $200 4
quill

Avi
    $200 11
steak

Shriya
    $400 27
Alexander Hamilton

Shriya
    $400 20
a tailor

Avi
    $400 24
green

Avi
    $400 2
"God Is A Woman"

Avi
    $400 7
physics

Avi
    $400 12
sushi

Avi
    $600 28
cancer

Hannah
    $600 21
Truman

Avi
    $600 18
Red

Avi
    $600 3
The 1975

Triple Stumper
    $600 8
the Science Talent Search

Avi
    $600 13
squash

Hannah
    $800 29
Windsor

Hannah
    $800 22
the Mexican-American War

Shriya
    $800 17
yellow journalism

Shriya
    $800 5
the middle

Hannah
    $800 9
Mark Twain

Hannah
    $800 14
bread

Shriya
    $1000 30
Everything, Everything

Hannah
    $1,600 23
Taft

Shriya
    $1000 16
(Shriya: What is indigo?)

the violet

HannahShriya
    $1000 6
Ty Dolla Sign

Avi
    $1000 10
Zac Posen

Triple Stumper
    $1000 15
cheese

Hannah

Scores at the first commercial break (after clue 15):

Avi Hannah Shriya
$3,000 $3,200 $1,200

Scores at the end of the Jeopardy! Round:

Avi Hannah Shriya
$5,400 $6,600 $4,000

Double Jeopardy! Round responses

A S.T.E.A.M. CATEGORY
ONE ACTOR, MULTIPLE ROLES
RHYME TIME
ONLY HALF SHOWED UP
BACKPACKING
AROUND EUROPE
    $400 19
bandages

Avi
    $400 18
clones

Avi
    $400 3
the right flight

Avi
    $400 28
50

Hannah
    $400 11
a towel

Avi
    $400 1
the Basque

Avi
    $800 20
palm

Triple Stumper
    $800 17
Jane the Virgin

Triple Stumper
    $800 4
a worse curse

Avi
    $800 29
four

Avi
    $800 12
a sleeping bag

Shriya
    $800 2
Flanders

Avi
    $1200 23
facial recognition system

Avi
    $1200 16
Night at the Museum

Hannah
    $1200 5
a loud crowd

Hannah
    $2,000 26
40

Shriya
    $1200 13
calories

Hannah
    $1200 8
Magyar

Shriya
    $1600 21
slope

Avi
    $1600 15
Glinda

Hannah
    $1600 6
a staff gaffe

Avi
    $1600 27
(Alex: Used to be [*] & Him. Now it's just [*].)

She

Triple Stumper
    $1600 24
a Swiss army knife

Shriya
    $2,000 9
Crete

Shriya
    $2000 22
Edward Hopper

Triple Stumper
    $2000 14
Flitwick

Hannah
    $2000 7
a Quito veto

Shriya
    $2000 30
Six Angry Men

Hannah
    $2000 25
Patagonia

Shriya
    $2000 10
the Bosporous and Dardanelles

Shriya

Scores at the end of the Double Jeopardy! Round:

Avi Hannah Shriya
$14,200 $16,200 $17,600

Final Jeopardy! Round responses

COMPOUND WORDS
AviWhat is melt down? - - - - - - - - - s/o to my bball team
$11,399
HannahWhat is meltdown
$2,000
ShriyaWhat is meltdown?
$5,400
meltdown

Final scores:

Avi Hannah Shriya
$25,599 $18,200 $23,000
Automatic semifinalist 3rd place: $5,000 if eliminated 2nd place: $5,000 if eliminated

Game dynamics:

Coryat scores:

Avi Hannah Shriya
$14,200 $16,200 $15,800
23 R,
0 W
15 R,
0 W
16 R
(including 3 DDs),
1 W

Combined Coryat: $46,200

The J! Archive is created by fans, for fans. The Jeopardy! game show and all elements thereof, including but not limited to copyright and trademark thereto, are the property of Jeopardy Productions, Inc. and are protected under law. This website is not affiliated with, sponsored by, or operated by Jeopardy Productions, Inc. Join the discussion at JBoard.tv.